000 01053nam a2200241Ia 4500
999 _c37505
_d37505
001 3468
003 GE_BSU
005 20190621141604.0
008 181216s1995||||ge |||||||||||||| ||geo||
020 _a5 505 01856 4
040 _cGE_BSU
041 _ageo
080 _a631.147(075.8)+502(075.8)+574(075.8) მ–98
100 _aმჭედლიძე, მ.
_92720
245 _aეკოლოგია მეტეოროლოგიისა და ბუნების დაცვის საფუძვლებით :
_bსახელმძღვ. სას.-სამ. უმაღ. სასწ. სტუდ.
_cმ. მჭედლიძე, ზ. დოღონაძე.
264 _aთბილისი :
_bგანათლება,
_c995.
300 _a254 გვ. ;
_b21 სმ.
653 _aეკოლოგია
653 _aმეტეოროლოგია
653 _aბუნების დაცვა
700 _aდოღონაძე, ზ.
_eავტორი
_92721
942 _cBK
_2udc